University Home | Library Home | Institutional Repository

Morality and public life in time of change : (Record no. 101142)

MARC details
000 -LEADER
fixed length control field 00775cam0a220018100 4500
005 - DATE AND TIME OF LATEST TRANSACTION
control field 20190819100632.0
008 - FIXED-LENGTH DATA ELEMENTS--GENERAL INFORMATION
fixed length control field 010424
010 ## - LIBRARY OF CONGRESS CONTROL NUMBER
LC control number 93119227
020 ## - INTERNATIONAL STANDARD BOOK NUMBER
International Standard Book Number 1565180550
035 ## - SYSTEM CONTROL NUMBER
System control number (Sirsi) a143990
050 #0 - LIBRARY OF CONGRESS CALL NUMBER
Classification number BJ37.B75
Item number Mor 1993
245 10 - TITLE STATEMENT
Title Morality and public life in time of change :
Remainder of title Bulgarian philosophical studies, 1 /
Statement of responsibility, etc. edited by Vassil Prodanov and Asen Davidov.
260 ## - PUBLICATION, DISTRIBUTION, ETC.
Place of publication, distribution, etc. Washington, D.C. :
Name of publisher, distributor, etc. Paideia press and the coucil for reseach in values and philosophy,
Date of publication, distribution, etc. 1993
410 00 - SERIES STATEMENT/ADDED ENTRY--CORPORATE NAME [OBSOLETE, CAN/MARC], [LOCAL, USA]
Corporate name or jurisdiction name as entry element The Council For Research in Values and Philosophy Series.
Linkage S21921.1
650 #0 - SUBJECT ADDED ENTRY--TOPICAL TERM
Topical term or geographic name entry element Europe, Eastern -- Ethics
General subdivision Europe, Eastern -- Ethics
Linkage S86471.1
650 #0 - SUBJECT ADDED ENTRY--TOPICAL TERM
Topical term or geographic name entry element Ethics
Linkage S452.1
700 00 - ADDED ENTRY--PERSONAL NAME
Personal name Prodanov, Vassil ed.
Relator term Prodanov, Vassil ed.
Linkage A114297.1

No items available.

© 2026 - The University of Zambia Library - Koha v25.11